00361nam a2200121Ia 4500008004100000082001400041100001900055245004100074260003500115365000700150630004100157730004100198100415s9999 xx 000 0 und d b6250a581 aDarlington CD aChromosome Atlas of Flowering Plants aLONDONc1955bGEORGE ALLEN LTD b21 aChromosome Atlas of Flowering Plants aChromosome Atlas of Flowering Plants